000 00398nam a22001577a 4500
005 20200530094921.0
008 200530b xxu||||| |||| 00| 0 eng d
041 _aeng
082 _a340
100 _aBARE ACT
_95744
245 _aTHE PROTECTION OF CHILDREN FROM SEXUAL OFFENCES ACT, 2012
260 _aDELHI
_bPROFESSIONAL BOOK PUBLISHERS
300 _a35;p
650 _aLAW
_95701
942 _cBK
999 _c6636
_d6634